000 00413pab a2200157 454500
008 180718b2000 xxu||||| |||| 00| 0 eng d
100 _aMiller, Char R.
245 _aDrawing out theory: art and the teaching of political theory
260 _c2000
300 _ap.213-18
362 _aJun
650 _aTeaching
650 _aPolitical theory
773 _aPS: Political Science and Politics
909 _a45282
999 _c45282
_d45282